00483 2200181 4500001002100000005001500021035002000036082000800056084001400064100002100078245008700099260003900186300002800225990001200253990001200265990001200277990001200289INLIS00000000000308720250930095909 a0010-0925000434 a320 a320 WAH m0 aWahyudi Sutrisno1 aMenyelesaikan Sengketa :bKronik Pemilihan 2024 di Jawa Tengah /cWahyudi Sutrisno aTegal :bBawaslu Kab. Tegal,c2025 a194 hlm ;c14 x 20,5 cm a0755545 a0755546 a0755547 a0755548